<?xml version="1.0" encoding="UTF-8"?>
<record
    xmlns:xsi="http://www.w3.org/2001/XMLSchema-instance"
    xsi:schemaLocation="http://www.loc.gov/MARC21/slim http://www.loc.gov/standards/marcxml/schema/MARC21slim.xsd"
    xmlns="http://www.loc.gov/MARC21/slim">

  <leader>00735nam a22001337a 4500</leader>
  <datafield tag="040" ind1=" " ind2=" ">
    <subfield code="c">RUA</subfield>
  </datafield>
  <datafield tag="082" ind1=" " ind2=" ">
    <subfield code="a">VEM SAO 2015 B525 Or.1</subfield>
  </datafield>
  <datafield tag="100" ind1=" " ind2=" ">
    <subfield code="a">SAO SOPHEA; &#x179F;&#x17C5; &#x179F;&#x17C4;&#x1797;&#x17B6;</subfield>
  </datafield>
  <datafield tag="245" ind1=" " ind2=" ">
    <subfield code="a">Prevalence of gastro intestinal parasite in crocodiles at puok district, siem reap province; &#x1780;&#x1798;&#x17D2;&#x179A;&#x17B7;&#x178F;&#x179A;&#x17B6;&#x179B;&#x178A;&#x17B6;&#x179B;&#x1794;&#x179A;&#x17B6;&#x179F;&#x17B7;&#x178F;&#x1780;&#x17D2;&#x1793;&#x17BB;&#x1784;&#x1780;&#x17D2;&#x179A;&#x1796;&#x17C7;&#x1796;&#x17C4;&#x17C7;&#x179C;&#x17C0;&#x1793;&#x1780;&#x17D2;&#x179A;&#x1796;&#x17BE;&#x178A;&#x17C4;&#x1799;&#x1794;&#x17D2;&#x179A;&#x17BE;&#x1785;&#x17C6;&#x178E;&#x17B8;&#x1796;&#x17B8;&#x179A;&#x1794;&#x17D2;&#x179A;&#x1797;&#x17C1;&#x1791;&#x1793;&#x17C5;&#x1780;&#x179F;&#x17B7;&#x178A;&#x17D2;&#x178B;&#x17B6;&#x1793; &#x179F;&#x17D2;&#x179A;&#x17BB;&#x1780;&#x1796;&#x17BD;&#x1780; &#x1781;&#x17C1;&#x178F;&#x17D2;&#x178F;&#x179F;&#x17C0;&#x1798;&#x179A;&#x17B6;&#x1794;</subfield>
  </datafield>
  <datafield tag="260" ind1=" " ind2=" ">
    <subfield code="a">Phnom Penh</subfield>
    <subfield code="b">RUA</subfield>
    <subfield code="c">2015</subfield>
  </datafield>
  <datafield tag="300" ind1=" " ind2=" ">
    <subfield code="a">viii; 40p;</subfield>
    <subfield code="b">ill;</subfield>
    <subfield code="c">29cm;</subfield>
  </datafield>
  <datafield tag="856" ind1=" " ind2=" ">
    <subfield code="u">https://drive.google.com/file/d/1M8DoNiA_xrvhXVoA4hw8LtgyeQOWTWAQ/view?usp=sharing</subfield>
  </datafield>
  <datafield tag="942" ind1=" " ind2=" ">
    <subfield code="c">VEM</subfield>
  </datafield>
  <datafield tag="999" ind1=" " ind2=" ">
    <subfield code="c">10633</subfield>
    <subfield code="d">10633</subfield>
  </datafield>
  <datafield tag="952" ind1=" " ind2=" ">
    <subfield code="0">0</subfield>
    <subfield code="1">0</subfield>
    <subfield code="2">ddc</subfield>
    <subfield code="4">0</subfield>
    <subfield code="6">VEM_SAO_2015_000000000000000_B525_OR_1</subfield>
    <subfield code="7">0</subfield>
    <subfield code="9">55127</subfield>
    <subfield code="a">LBB</subfield>
    <subfield code="b">LBB</subfield>
    <subfield code="c">B525</subfield>
    <subfield code="d">2016-10-31</subfield>
    <subfield code="o">VEM SAO 2015 B525 Or.1</subfield>
    <subfield code="p">RUA060623</subfield>
    <subfield code="r">2016-10-31</subfield>
    <subfield code="w">2016-10-31</subfield>
    <subfield code="y">VEM</subfield>
  </datafield>
  <datafield tag="952" ind1=" " ind2=" ">
    <subfield code="0">0</subfield>
    <subfield code="1">0</subfield>
    <subfield code="2">ddc</subfield>
    <subfield code="4">0</subfield>
    <subfield code="6">VEM_SAO_2015_000000000000000_B525_OR_2</subfield>
    <subfield code="7">0</subfield>
    <subfield code="9">55128</subfield>
    <subfield code="a">LBB</subfield>
    <subfield code="b">LBB</subfield>
    <subfield code="c">B525</subfield>
    <subfield code="d">2016-10-31</subfield>
    <subfield code="o">VEM SAO 2015 B525 Or.2</subfield>
    <subfield code="p">RUA060857</subfield>
    <subfield code="r">2016-10-31</subfield>
    <subfield code="w">2016-10-31</subfield>
    <subfield code="y">VEM</subfield>
  </datafield>
  <datafield tag="952" ind1=" " ind2=" ">
    <subfield code="0">0</subfield>
    <subfield code="1">0</subfield>
    <subfield code="2">ddc</subfield>
    <subfield code="4">0</subfield>
    <subfield code="6">VEM_SAO_2015_000000000000000_B525_OR_3</subfield>
    <subfield code="7">0</subfield>
    <subfield code="9">55129</subfield>
    <subfield code="a">LBB</subfield>
    <subfield code="b">LBB</subfield>
    <subfield code="c">B525</subfield>
    <subfield code="d">2016-10-31</subfield>
    <subfield code="o">VEM SAO 2015 B525 Or.3</subfield>
    <subfield code="p">RUA060917</subfield>
    <subfield code="r">2016-10-31</subfield>
    <subfield code="w">2016-10-31</subfield>
    <subfield code="y">VEM</subfield>
  </datafield>
  <datafield tag="952" ind1=" " ind2=" ">
    <subfield code="0">0</subfield>
    <subfield code="1">0</subfield>
    <subfield code="2">ddc</subfield>
    <subfield code="4">0</subfield>
    <subfield code="6">VEM_SAO_2015_000000000000000_B525_OR_4</subfield>
    <subfield code="7">0</subfield>
    <subfield code="9">55130</subfield>
    <subfield code="a">LBB</subfield>
    <subfield code="b">LBB</subfield>
    <subfield code="c">B525</subfield>
    <subfield code="d">2016-10-31</subfield>
    <subfield code="o">VEM SAO 2015 B525 Or.4</subfield>
    <subfield code="p">RUA060621</subfield>
    <subfield code="r">2016-10-31</subfield>
    <subfield code="w">2016-10-31</subfield>
    <subfield code="y">VEM</subfield>
  </datafield>
  <datafield tag="952" ind1=" " ind2=" ">
    <subfield code="0">0</subfield>
    <subfield code="1">0</subfield>
    <subfield code="2">ddc</subfield>
    <subfield code="4">0</subfield>
    <subfield code="6">VEM_SAO_2015_000000000000000_B525_OR_5</subfield>
    <subfield code="7">0</subfield>
    <subfield code="9">55131</subfield>
    <subfield code="a">LBB</subfield>
    <subfield code="b">LBB</subfield>
    <subfield code="c">B525</subfield>
    <subfield code="d">2016-10-31</subfield>
    <subfield code="o">VEM SAO 2015 B525 Or.5</subfield>
    <subfield code="p">RUA060681</subfield>
    <subfield code="r">2016-10-31</subfield>
    <subfield code="w">2016-10-31</subfield>
    <subfield code="y">VEM</subfield>
  </datafield>
  <datafield tag="952" ind1=" " ind2=" ">
    <subfield code="0">0</subfield>
    <subfield code="1">0</subfield>
    <subfield code="2">ddc</subfield>
    <subfield code="4">0</subfield>
    <subfield code="6">VEM_SAO_2015_000000000000000_B525_OR_6</subfield>
    <subfield code="7">0</subfield>
    <subfield code="9">55132</subfield>
    <subfield code="a">LBB</subfield>
    <subfield code="b">LBB</subfield>
    <subfield code="c">B525</subfield>
    <subfield code="d">2016-10-31</subfield>
    <subfield code="o">VEM SAO 2015 B525 Or.6</subfield>
    <subfield code="p">RUA060606</subfield>
    <subfield code="r">2016-10-31</subfield>
    <subfield code="w">2016-10-31</subfield>
    <subfield code="y">VEM</subfield>
  </datafield>
  <datafield tag="952" ind1=" " ind2=" ">
    <subfield code="0">0</subfield>
    <subfield code="1">0</subfield>
    <subfield code="2">ddc</subfield>
    <subfield code="4">0</subfield>
    <subfield code="6">VEM_SAO_2015_000000000000000_B525_OR_7</subfield>
    <subfield code="7">0</subfield>
    <subfield code="9">55133</subfield>
    <subfield code="a">LBB</subfield>
    <subfield code="b">LBB</subfield>
    <subfield code="c">B525</subfield>
    <subfield code="d">2016-10-31</subfield>
    <subfield code="o">VEM SAO 2015 B525 Or.7</subfield>
    <subfield code="p">RUA061169</subfield>
    <subfield code="r">2016-10-31</subfield>
    <subfield code="w">2016-10-31</subfield>
    <subfield code="y">VEM</subfield>
  </datafield>
  <datafield tag="952" ind1=" " ind2=" ">
    <subfield code="0">0</subfield>
    <subfield code="1">0</subfield>
    <subfield code="2">ddc</subfield>
    <subfield code="4">0</subfield>
    <subfield code="6">VEM_SAO_2015_000000000000000_B525_OR_8</subfield>
    <subfield code="7">0</subfield>
    <subfield code="9">55134</subfield>
    <subfield code="a">LBB</subfield>
    <subfield code="b">LBB</subfield>
    <subfield code="c">B525</subfield>
    <subfield code="d">2016-10-31</subfield>
    <subfield code="o">VEM SAO 2015 B525 Or.8</subfield>
    <subfield code="p">RUA060643</subfield>
    <subfield code="r">2016-10-31</subfield>
    <subfield code="w">2016-10-31</subfield>
    <subfield code="y">VEM</subfield>
  </datafield>
</record>
